[Event "C.to Provinciale BG"]
[Site "Bergamo ITA"]
[Date "2003.10.28"]
[Round "4"]
[White "Elitropi, Giorgio"]
[Black "Cambieri, Mario"]
[Result "1-0"]
[WhiteElo "1716"]
[BlackElo "1774"]
[PlyCount "97"]
[EventDate "2003.10.10"]

1. f4 d5 2. Nf3 Nf6 3. e3 e6 4. b3 c5 5. Bb2 Be7 6. Be2 Nc6 7. O-O O-O 8. Ne5
d4 9. Nxc6 bxc6 10. Bf3 Qd6 11. g3 Ba6 12. Re1 Rad8 13. e4 e5 14. f5 c4 15.
bxc4 Bxc4 16. d3 Ba6 17. Nd2 c5 18. Ba3 Qc7 19. Bg2 Qa5 20. Bc1 c4 21. dxc4 d3
22. cxd3 Rxd3 23. Bf1 Bxc4 24. Bxd3 Bxd3 25. Nb3 Qb5 26. Qf3 Rd8 27. Bg5 Bb4
28. Bxf6 Qb6+ 29. Re3 gxf6 30. Kg2 Ba6 31. Rb1 Qc6 32. Kh3 Qc2 33. Rc1 Qxa2 34.
Rc6 Bb5 35. Rxf6 Qb1 36. Qh5 Rd7 37. Rh6 Qf1+ 38. Kh4 Qg1 39. Qg5+ Kh8 40. Qf6+
Kg8 41. Qg5+ Kf8 42. h3 Ke8 43. Rxh7 Bf8 44. f6 Qd1 45. Qxe5+ Re7 46. Qxb5+ Rd7
47. Rh8 Qd6 48. e5 Qc7 49. Nc5 1-0

[Event "C.to Provinciale BG"]
[Site "Bergamo ITA"]
[Date "2003.10.31"]
[Round "4"]
[White "Elsido, Massimo"]
[Black "Omacini, Mario"]
[Result "1-0"]
[WhiteElo "1588"]
[BlackElo "1374"]
[PlyCount "75"]
[EventDate "2003.10.10"]

1. e4 c5 2. c3 e6 3. d4 cxd4 4. cxd4 Nf6 5. Nc3 Bb4 6. Bg5 Qc7 7. Bd2 Bxc3 8.
Bxc3 Nxe4 9. Rc1 Qb6 10. Nf3 O-O 11. Bd3 d5 12. Bxe4 dxe4 13. Ng5 f5 14. O-O
Qd8 15. Bb4 Rf6 16. Qh5 h6 17. Be7 Qxe7 18. Rxc8+ Rf8 19. Rxf8+ Kxf8 20. Nh3
Nc6 21. Nf4 Qf6 22. d5 exd5 23. Nxd5 Qe5 24. Ne3 Ne7 25. Rd1 Rc8 26. b3 Qf6 27.
Nc4 Kg8 28. Nd6 Rd8 29. Nxb7 Rxd1+ 30. Qxd1 Kh7 31. h3 Qa6 32. Qd7 Ng6 33. Nd6
Qxa2 34. Nxf5 Qa1+ 35. Kh2 Qe5+ 36. g3 Nf8 37. Qf7 Ne6 38. Ne7 1-0

[Event "C.to Provinciale BG"]
[Site "Bergamo ITA"]
[Date "2003.10.31"]
[Round "4"]
[White "Impellizzeri, Francesco"]
[Black "Gozzini, Giambattista"]
[Result "0-1"]
[WhiteElo "1570"]
[BlackElo "1600"]
[PlyCount "108"]
[EventDate "2003.10.10"]

1. d4 Nf6 2. c4 g6 3. Nc3 Bg7 4. e4 d6 5. f3 O-O 6. Be3 e5 7. d5 c6 8. Bd3 Na6
9. Nge2 cxd5 10. cxd5 b6 11. O-O Nc5 12. Bb5 Bd7 13. a4 a5 14. Ra3 Ne8 15. Qd2
Nc7 16. Bxd7 Qxd7 17. f4 Rfe8 18. f5 gxf5 19. exf5 f6 20. Ng3 b5 21. axb5 Nxb5
22. Nxb5 Qxb5 23. Qf2 Rec8 24. Rc1 Nb3 25. Rc3 Rxc3 26. bxc3 a4 27. Qf3 Nc5 28.
Ra1 Qb2 29. Rf1 Qxc3 30. Nh5 Ra7 31. Qg3 Ne4 32. Nxf6+ Nxf6 33. Bxa7 Qxg3 34.
hxg3 Nxd5 35. Rd1 Nc3 36. Rxd6 a3 37. f6 a2 38. Ra6 Bxf6 39. Bc5 e4 40. Ra8+
Kg7 41. Bf8+ Kf7 42. Bb4 Ne2+ 43. Kf2 a1=Q 44. Rxa1 Bxa1 45. Kxe2 Ke6 46. Bc5
Kf5 47. Bf2 Ke5 48. Kd2 h5 49. Be3 Bd4 50. Ke2 Bxe3 51. Kxe3 Kf5 52. Ke2 Kg4
53. Kf2 e3+ 54. Kxe3 Kxg3 0-1

[Event "C.to Provinciale BG"]
[Site "Bergamo ITA"]
[Date "2003.10.31"]
[Round "4"]
[White "Longo, Pietro"]
[Black "Begni, Carlo"]
[Result "1-0"]
[WhiteElo "1588"]
[BlackElo "1461"]
[PlyCount "97"]
[EventDate "2003.10.10"]

1. e4 c5 2. Nf3 Nc6 3. d4 cxd4 4. Nxd4 e6 5. Nb5 a6 6. Nd6+ Bxd6 7. Qxd6 Qa5+
8. Nc3 Nge7 9. Bd2 Qe5 10. Qxe5 Nxe5 11. f4 N5c6 12. O-O-O b5 13. a3 Bb7 14.
Be3 Rc8 15. Bxb5 axb5 16. Nxb5 O-O 17. Rxd7 Ba8 18. Bc5 Rfe8 19. Rhd1 f6 20.
Nd6 Nb8 21. Rxe7 Rxe7 22. Nxc8 Rc7 23. Rd8+ Kf7 24. Rf8+ Kg6 25. Ne7+ Kh5 26.
Rxb8 Bxe4 27. Rc8 Rd7 28. g3 Kg4 29. Rg8 g6 30. Rg7 h5 31. Rg8 Kh3 32. Nxg6
Kxh2 33. Nf8 Rd8 34. Be7 Rd5 35. Bxf6 Bf5 36. Rg5 Kg2 37. Be5 Rd8 38. Ng6 Bg4
39. Rxg4 hxg4 40. c4 Kf3 41. c5 Rd5 42. b4 Kxg3 43. f5+ Rxe5 44. Nxe5 exf5 45.
c6 Kf2 46. c7 g3 47. c8=Q f4 48. Nd3+ Kg1 49. Nxf4 1-0

[Event "C.to Provinciale BG"]
[Site "Bergamo ITA"]
[Date "2003.10.31"]
[Round "4"]
[White "Mansueti, Marco"]
[Black "Salvi, Gianpietro"]
[Result "0-1"]
[WhiteElo "1633"]
[BlackElo "1600"]
[PlyCount "56"]
[EventDate "2003.10.10"]

1. d4 Nf6 2. c4 g6 3. Nc3 d5 4. cxd5 Nxd5 5. Bd2 Bg7 6. Nf3 c6 7. e4 Nb6 8. Be3
O-O 9. Be2 N8d7 10. O-O e5 11. d5 cxd5 12. Nxd5 Nxd5 13. Qxd5 Nb6 14. Qxd8 Rxd8
15. Bxb6 axb6 16. Bc4 Bd7 17. Rad1 Bc6 18. Ng5 Rf8 19. f4 h6 20. Nxf7 Rxf7 21.
fxe5 Raf8 22. Rd6 g5 23. b3 Bxe5 24. Rg6+ Bg7 25. Rd6 b5 26. Be6 Be5 27. Bxf7+
Rxf7 28. Rxh6 Bd4+ 0-1

[Event "C.to Provinciale BG"]
[Site "Bergamo ITA"]
[Date "2003.10.31"]
[Round "4"]
[White "Mazzotti, Federico"]
[Black "Fiorona, Gianpietro"]
[Result "1-0"]
[WhiteElo "1635"]
[BlackElo "1621"]
[PlyCount "69"]
[EventDate "2003.10.10"]

1. e4 d5 2. d4 dxe4 3. Nc3 Nf6 4. f3 e3 5. Bxe3 e6 6. Bd3 c6 7. Nge2 Nbd7 8.
O-O Bd6 9. Ne4 Bc7 10. Nf4 O-O 11. Ng5 Qe7 12. Qe1 h6 13. Nxf7 Rxf7 14. Ng6 Qd8
15. Rd1 Nd5 16. Bc1 Qf6 17. Qe4 Qf5 18. Qh4 Qf6 19. Qg4 Nf8 20. Bxh6 Nxg6 21.
Bg5 Qxd4+ 22. Qxd4 Bb6 23. Bxg6 Bxd4+ 24. Rxd4 Rf8 25. c4 e5 26. Re4 Nf4 27.
Bxf4 exf4 28. Re7 Bf5 29. Bxf5 Rxf5 30. Rxb7 Re5 31. Rd1 Rae8 32. Rd2 Re1+ 33.
Kf2 R1e6 34. Rxa7 g5 35. Rad7 1-0

[Event "C.to Provinciale BG"]
[Site "Bergamo ITA"]
[Date "2003.10.31"]
[Round "4"]
[White "Mora, Lorenzo"]
[Black "Asperti, Fabio"]
[Result "1-0"]
[WhiteElo "1705"]
[BlackElo "1606"]
[PlyCount "69"]
[EventDate "2003.10.10"]

1. d4 g6 2. c4 Bg7 3. Nc3 d6 4. g3 Nf6 5. Bg2 O-O 6. Bg5 Nbd7 7. Nf3 a6 8. O-O
Rb8 9. a4 b6 10. e4 c5 11. Rb1 h6 12. Bf4 Nh5 13. Be3 e5 14. d5 Kh7 15. Nh4
Ndf6 16. Bf3 Bh3 17. Re1 Qd7 18. b4 Ng4 19. Na2 Bf6 20. Ng2 Bg7 21. a5 f5 22.
axb6 fxe4 23. Bxe4 Rf7 24. bxc5 Nxe3 25. Qxh5 Bf5 26. Bxf5 Rxf5 27. Qe2 Nxg2
28. c6 Qf7 29. Kxg2 Rf8 30. Rf1 e4 31. b7 Bd4 32. b8=Q Rxf2+ 33. Rxf2 Qxf2+ 34.
Qxf2 Rxf2+ 35. Kh3 1-0

[Event "C.to Provinciale BG"]
[Site "Bergamo ITA"]
[Date "2003.10.28"]
[Round "4"]
[White "Scarpellini, Felice"]
[Black "Riggio, Mauro"]
[Result "0-1"]
[WhiteElo "1648"]
[BlackElo "1714"]
[PlyCount "120"]
[EventDate "2003.10.10"]

1. c4 e5 2. Nc3 Nf6 3. g3 g6 4. Bg2 Bg7 5. Nf3 d6 6. O-O O-O 7. Rb1 a5 8. a3 c6
9. b4 axb4 10. axb4 Bf5 11. d3 Qc8 12. e4 Bh3 13. b5 Bxg2 14. Kxg2 Nbd7 15. Qb3
Nc5 16. Qc2 Nfd7 17. Bg5 f6 18. Be3 f5 19. d4 fxe4 20. Nxe4 Nxe4 21. Qxe4 Nf6
22. Qh4 Qf5 23. Nd2 Ng4 24. Qg5 Nxe3+ 25. Qxe3 exd4 26. Qe4 Qc5 27. Qe6+ Kh8
28. Ne4 Qe5 29. Qg4 d5 30. Nd2 dxc4 31. bxc6 bxc6 32. Qd7 c3 33. Nc4 Qe4+ 34.
Kg1 Rad8 35. Qc7 d3 36. Nd6 Qd5 37. Rb7 Qg8 38. Qxc6 Rf6 39. Rd7 Qf8 40. Rxd8
Qxd8 41. Qxc3 Rxd6 42. Qb3 d2 43. Rd1 Bf6 44. h4 Qd7 45. Kh2 Re6 46. Qb8+ Kg7
47. Qf4 Bc3 48. Qf3 Bb4 49. h5 gxh5 50. Qf4 Qe7 51. Rxd2 Bxd2 52. Qxd2 Qf6 53.
Qd7+ Re7 54. Qd2 Rf7 55. f4 h4 56. Qe3 hxg3+ 57. Kxg3 Qg6+ 58. Kf3 h5 59. Qe5+
Kh7 60. Ke3 Qg3+ 0-1

[Event "C.to Provinciale BG"]
[Site "Bergamo ITA"]
[Date "2003.10.31"]
[Round "4"]
[White "Testa, Luigi"]
[Black "Riva, Carlo"]
[Result "1-0"]
[WhiteElo "1512"]
[BlackElo "1519"]
[PlyCount "77"]
[EventDate "2003.10.10"]

1. e4 c5 2. Nf3 d6 3. Bc4 Nf6 4. Nc3 g6 5. O-O Bg7 6. d3 O-O 7. Bd2 Nc6 8. a3
Bg4 9. h3 Bxf3 10. Qxf3 Ne5 11. Qe2 Nxc4 12. dxc4 Nd7 13. Rab1 Bxc3 14. Bxc3
Qe8 15. b3 f6 16. f4 Rb8 17. Qg4 Rf7 18. Rbd1 Nf8 19. f5 Rg7 20. Qf3 gxf5 21.
exf5 Qc6 22. Rd5 Nd7 23. Qe2 Rf8 24. Rf2 Kh8 25. Bd2 Rfg8 26. Bh6 Rf7 27. Qe6
Ne5 28. Rxe5 dxe5 29. Qxf7 Qd7 30. Rd2 Qxf5 31. Qxg8+ Kxg8 32. Rd8+ Kf7 33. Rd2
a6 34. Be3 Qe4 35. Re2 b5 36. cxb5 axb5 37. Kf1 c4 38. Bf2 cxb3 39. Rxe4 1-0

[Event "C.to Provinciale BG"]
[Site "Bergamo ITA"]
[Date "2003.11.07"]
[Round "5"]
[White "Asperti, Fabio"]
[Black "Scarpellini, Felice"]
[Result "0-1"]
[WhiteElo "1606"]
[BlackElo "1648"]
[PlyCount "32"]
[EventDate "2003.10.10"]

1. c4 Nf6 2. Nc3 e6 3. g3 d5 4. Bg2 d4 5. Ne4 Be7 6. d3 O-O 7. h4 e5 8. Bg5
Nxe4 9. Bxe4 f6 10. Bd2 c6 11. f4 f5 12. Bg2 Bf6 13. e4 dxe3 14. Bxe3 exf4 15.
Bxf4 Bxb2 16. Rb1 Bc3+ 0-1

[Event "C.to Provinciale BG"]
[Site "Bergamo ITA"]
[Date "2003.11.07"]
[Round "5"]
[White "Begni, Carlo"]
[Black "Cattaneo, Dario"]
[Result "1-0"]
[WhiteElo "1461"]
[BlackElo "1393"]
[PlyCount "75"]
[EventDate "2003.10.10"]

1. e4 e6 2. d4 d5 3. e5 c5 4. c3 Nc6 5. Nf3 cxd4 6. cxd4 Bb4+ 7. Nc3 Nge7 8.
Bb5 Bd7 9. O-O Bxc3 10. bxc3 Ng6 11. Bd3 Qc7 12. h4 h5 13. Qc2 Nce7 14. g3 a6
15. a4 Rc8 16. Bd2 b5 17. axb5 Bxb5 18. Bxb5+ axb5 19. Rfb1 Qb6 20. Qd3 Rb8 21.
Rb3 Nc8 22. Rab1 Na7 23. Qe2 Ne7 24. Bc1 Nec6 25. Ng5 Na5 26. Rb4 N5c6 27. R4b2
Na5 28. Qf3 Qc7 29. Nh3 g6 30. Ng5 Nc4 31. Rb4 Qe7 32. Qe2 f6 33. exf6 Qxf6 34.
Nxe6 Kd7 35. Nc5+ Kc6 36. Ra1 Rh7 37. Ra6+ Rb6 38. Qe8+ 1-0

[Event "C.to Provinciale BG"]
[Site "Bergamo ITA"]
[Date "2003.11.07"]
[Round "5"]
[White "Cambieri, Mario"]
[Black "Impellizzeri, Francesco"]
[Result "1-0"]
[WhiteElo "1774"]
[BlackElo "1570"]
[PlyCount "67"]
[EventDate "2003.10.10"]

1. c4 e5 2. Nc3 Nf6 3. g3 d5 4. cxd5 Nxd5 5. Bg2 Nb6 6. Nf3 Nc6 7. O-O Be7 8.
d3 Be6 9. a3 O-O 10. b4 Rc8 11. Bb2 f6 12. Rc1 a6 13. Ne4 Qd7 14. Nc5 Bxc5 15.
bxc5 Nd5 16. d4 e4 17. Nd2 e3 18. Nf3 exf2+ 19. Rxf2 Rfe8 20. Qd2 Bh3 21. Bxh3
Qxh3 22. e4 Rxe4 23. Re1 Rce8 24. Rxe4 Rxe4 25. Qd3 Re3 26. Qc4 Qe6 27. Qf1 Re4
28. Ng5 Qg4 29. Nxe4 Qxe4 30. Re2 Qg4 31. Qe1 Kf7 32. Re4 Qf3 33. Qe2 Qb3 34.
Qh5+ 1-0

[Event "C.to Provinciale BG"]
[Site "Bergamo ITA"]
[Date "2003.11.04"]
[Round "5"]
[White "Canova, Luca"]
[Black "Del Monte, Jorge Luis"]
[Result "1-0"]
[WhiteElo "1821"]
[BlackElo "2046"]
[PlyCount "107"]
[EventDate "2003.10.10"]

1. e4 d6 2. d4 Nf6 3. Nc3 g6 4. f3 Bg7 5. Be3 O-O 6. Qd2 Nc6 7. O-O-O e5 8.
Nge2 Bd7 9. d5 Ne7 10. Bh6 b5 11. h4 a5 12. Bxg7 Kxg7 13. h5 Nfg8 14. g4 a4 15.
Ng3 b4 16. Nb1 f6 17. hxg6 hxg6 18. Qxb4 Rb8 19. Qd2 Rb6 20. Na3 Qa8 21. Bd3
Rf7 22. g5 f5 23. exf5 Nxf5 24. Nxf5+ Bxf5 25. Bxf5 Rxf5 26. Qh2 Qd8 27. Qh7+
Kf8 28. Qxg6 Qxg5+ 29. Qxg5 Rxg5 30. Rdg1 Rxg1+ 31. Rxg1 Nf6 32. Rd1 Ke7 33. c4
c6 34. c5 dxc5 35. Nc4 Rb8 36. Nxe5 Kd6 37. Nc4+ Kc7 38. dxc6 Ne8 39. Ne5 Nd6
40. Rh1 Nb5 41. Rh7+ Kd6 42. f4 Rc8 43. Kd2 Ke6 44. Ke3 Nd4 45. Ke4 Nf5 46. Kd3
Nd6 47. Nc4 Nf5 48. Na5 Ra8 49. Nb7 Rc8 50. c7 c4+ 51. Kc3 Kd5 52. Rh5 Kc6 53.
Na5+ Kxc7 54. Rxf5 1-0

[Event "C.to Provinciale BG"]
[Site "Bergamo ITA"]
[Date "2003.11.07"]
[Round "5"]
[White "Di Mauro, Valerio"]
[Black "Biava, Pierluigi"]
[Result "0-1"]
[WhiteElo "1494"]
[BlackElo "1579"]
[PlyCount "58"]
[EventDate "2003.10.10"]

1. e4 c5 2. c3 d6 3. Nf3 Nf6 4. Qc2 a6 5. d4 cxd4 6. cxd4 h6 7. h3 e6 8. Nc3
Nc6 9. Be3 Be7 10. Rd1 O-O 11. Bd3 Nb4 12. Qe2 Nxd3+ 13. Rxd3 Bd7 14. Bc1 Rc8
15. O-O b5 16. b4 Rc4 17. Ne5 dxe5 18. dxe5 Qc7 19. exf6 Bxf6 20. Rxd7 Qxd7 21.
e5 Be7 22. Ne4 Rd8 23. Qg4 Kh7 24. Qh5 Rxe4 25. g4 Bf8 26. g5 g6 27. Qf3 Rxe5
28. Bb2 Rxg5+ 29. Kh1 Qd5 0-1

[Event "C.to Provinciale BG"]
[Site "Bergamo ITA"]
[Date "2003.11.07"]
[Round "5"]
[White "Elsido, Massimo"]
[Black "Testa, Luigi"]
[Result "1-0"]
[WhiteElo "1588"]
[BlackElo "1512"]
[PlyCount "115"]
[EventDate "2003.10.10"]

1. e4 e5 2. Nf3 Nf6 3. Nxe5 d6 4. Nf3 Nxe4 5. d4 Be7 6. Bd3 Nf6 7. c4 O-O 8.
O-O Re8 9. Nc3 Bg4 10. h3 Bh5 11. g4 Bg6 12. Bxg6 fxg6 13. d5 Nbd7 14. Ng5 Nf8
15. Re1 Qd7 16. Bd2 a6 17. Qf3 Bd8 18. Rxe8 Qxe8 19. Re1 Qd7 20. Ne6 Be7 21.
Ne4 Nxe4 22. Rxe4 Nxe6 23. dxe6 Qe8 24. Qe3 b5 25. cxb5 axb5 26. Qb3 c6 27. Rf4
d5 28. Be3 Bd6 29. Rf3 Qxe6 30. a3 Rf8 31. Rxf8+ Bxf8 32. Qc3 h5 33. f3 h4 34.
Kf1 Be7 35. Bf4 Bf6 36. Qc2 g5 37. Bc1 d4 38. Qe2 Qd5 39. Qe8+ Kh7 40. Qe4+
Qxe4 41. fxe4 Kg6 42. Ke2 Kf7 43. Kd3 Ke6 44. Bd2 Ke5 45. b3 Be7 46. Bc1 c5 47.
a4 bxa4 48. bxa4 c4+ 49. Kxc4 Kxe4 50. a5 d3 51. a6 Ba3 52. Bd2 Kf3 53. a7 Ke2
54. Bxg5 d2 55. Bxd2 Kxd2 56. a8=Q Bb2 57. Qg2+ Kc1 58. Kb3 1-0

[Event "C.to Provinciale BG"]
[Site "Bergamo ITA"]
[Date "2003.11.07"]
[Round "5"]
[White "Gerali, Paolo"]
[Black "Bertoletti, Vincenzo"]
[Result "1-0"]
[WhiteElo "1500"]
[BlackElo "1338"]
[PlyCount "65"]
[EventDate "2003.10.10"]

1. d4 Nf6 2. c4 e5 3. dxe5 Ng4 4. e6 Bb4+ 5. Bd2 Bxd2+ 6. Nxd2 dxe6 7. Ngf3 O-O
8. Qc2 Nc6 9. e3 Nb4 10. Qc3 a5 11. a3 Nc6 12. Ne4 f5 13. Rd1 Qe7 14. Ng3 e5
15. h3 e4 16. Nd4 Nxf2 17. Ndxf5 Bxf5 18. Rd2 Nd3+ 19. Bxd3 exd3 20. Nxf5 Rxf5
21. Qxd3 Rd8 22. Qxf5 Qxe3+ 23. Re2 Qc1+ 24. Kf2 Rf8 25. Qxf8+ Kxf8 26. Rxc1
Nd4 27. Re4 c5 28. Rf4+ Ke7 29. Re1+ Kd6 30. Rxd4+ cxd4 31. b4 axb4 32. axb4 b5
33. cxb5 1-0

[Event "C.to Provinciale BG"]
[Site "Bergamo ITA"]
[Date "2003.11.07"]
[Round "5"]
[White "Gozzini, Giambattista"]
[Black "Longo, Pietro"]
[Result "1/2-1/2"]
[WhiteElo "1600"]
[BlackElo "1588"]
[PlyCount "108"]
[EventDate "2003.10.10"]

1. e4 c5 2. Nf3 d6 3. d4 cxd4 4. Nxd4 Nf6 5. Nc3 a6 6. g3 e5 7. Nde2 Be7 8. Bg2
Be6 9. O-O b5 10. h3 O-O 11. Be3 Qc7 12. g4 b4 13. Nd5 Bxd5 14. exd5 Nbd7 15.
Ng3 g6 16. g5 Ne8 17. h4 f5 18. gxf6 Nexf6 19. Bh3 Qc4 20. h5 Kg7 21. Be6 Nc5
22. hxg6 hxg6 23. b3 Qh4 24. Kg2 Nxe6 25. dxe6 Qg4 26. Qxg4 Nxg4 27. Bd2 a5 28.
f3 Nf6 29. Rh1 Rh8 30. Rxh8 Rxh8 31. c4 Nh5 32. a3 Nxg3 33. Kxg3 Rb8 34. axb4
axb4 35. Ra4 Kf6 36. Rxb4 Rxb4 37. Bxb4 Kxe6 38. Kf2 Kf5 39. Ke2 e4 40. Bc3
exf3+ 41. Kxf3 Ke6 42. Ke4 g5 43. Bd4 Bd8 44. b4 Be7 45. b5 Kd7 46. Kf5 Bd8 47.
Be3 Ba5 48. Kxg5 Bb4 49. Kf5 Ba3 50. Ke4 Bb4 51. Kd3 Ba3 52. b6 Bb4 53. Bd4 Ba5
54. c5 dxc5 1/2-1/2

[Event "C.to Provinciale BG"]
[Site "Bergamo ITA"]
[Date "2003.11.07"]
[Round "5"]
[White "Gualdi, Paolo"]
[Black "Romano, Zeno"]
[Result "0-1"]
[WhiteElo "1413"]
[BlackElo "1506"]
[PlyCount "59"]
[EventDate "2003.10.10"]

1. e4 e5 2. Nf3 Nc6 3. Bc4 Bc5 4. b4 Bxb4 5. c3 Ba5 6. Qb3 Qe7 7. Bxf7+ Qxf7 8.
Ng5 Qxb3 9. axb3 Nf6 10. b4 Bb6 11. d3 d6 12. Nd2 h6 13. Ngf3 Be6 14. b5 Ne7
15. Bb2 c6 16. bxc6 Nxc6 17. c4 Nb4 18. Ke2 Ng4 19. d4 exd4 20. Nxd4 Bxd4 21.
Bxd4 O-O 22. Rhc1 Nc6 23. Bb2 Rxf2+ 24. Kd3 Nge5+ 25. Ke3 Rxg2 26. Rg1 Rxg1 27.
Rxg1 Bxc4 28. Nf3 Be6 29. Nxe5 Nxe5 30. Kf4 0-1

[Event "C.to Provinciale BG"]
[Site "Bergamo ITA"]
[Date "2003.11.07"]
[Round "5"]
[White "Mora, Paolo"]
[Black "Elitropi, Giorgio"]
[Result "1-0"]
[WhiteElo "2014"]
[BlackElo "1716"]
[PlyCount "79"]
[EventDate "2003.10.10"]

1. e4 e6 2. d4 d5 3. e5 c5 4. c3 Nc6 5. Nf3 Qb6 6. a3 c4 7. Nbd2 Na5 8. g3 Bd7
9. Bh3 h6 10. O-O Ne7 11. Ne1 O-O-O 12. Ng2 Kb8 13. f4 f5 14. exf6 gxf6 15. Kh1
Nc8 16. f5 e5 17. dxe5 fxe5 18. Nf3 e4 19. Ne5 Be8 20. Bf4 Ka8 21. Qe2 Qf6 22.
Ng4 Qc6 23. Be5 Rh7 24. Nf4 Bd6 25. Ne6 Rdd7 26. Bf4 Bh5 27. Qe3 Bxg4 28. Bxg4
Nb3 29. Rad1 h5 30. Bh3 Nb6 31. f6 Rh8 32. Nd4 Qa4 33. Bxd7 Qxd7 34. Bxd6 Qxd6
35. Nxb3 h4 36. g4 cxb3 37. Qxe4 Qc6 38. Qf3 Nc4 39. f7 Rf8 40. Qxd5 1-0

[Event "C.to Provinciale BG"]
[Site "Bergamo ITA"]
[Date "2003.11.07"]
[Round "5"]
[White "Omacini, Mario"]
[Black "Fiorona, Gianpietro"]
[Result "0-1"]
[WhiteElo "1374"]
[BlackElo "1621"]
[PlyCount "60"]
[EventDate "2003.10.10"]

1. d4 Nf6 2. Nf3 d5 3. c4 e6 4. Bg5 Be7 5. e3 O-O 6. Nc3 c6 7. cxd5 exd5 8. h3
h6 9. Bh4 Ne4 10. Bxe7 Qxe7 11. Qc2 Nxc3 12. Qxc3 Bf5 13. Be2 Nd7 14. g4 Be4
15. Rg1 Bxf3 16. Bxf3 f5 17. O-O-O fxg4 18. Bxg4 Rxf2 19. Rg3 Raf8 20. Qd3 Nf6
21. Be2 Ne4 22. Rg4 R2f5 23. Rdg1 Rg5 24. Rxg5 Nxg5 25. Bg4 Ne4 26. Qe2 Rf2 27.
Qe1 c5 28. Qa5 cxd4 29. Qxd5+ Kh8 30. exd4 Qc7+ 0-1

[Event "C.to Provinciale BG"]
[Site "Bergamo ITA"]
[Date "2003.11.07"]
[Round "5"]
[White "Riggio, Mauro"]
[Black "Mora, Lorenzo"]
[Result "1-0"]
[WhiteElo "1714"]
[BlackElo "1705"]
[PlyCount "89"]
[EventDate "2003.10.10"]

1. e4 e5 2. Nf3 Nc6 3. d4 exd4 4. c3 dxc3 5. Bc4 Nf6 6. Nxc3 Bb4 7. O-O d6 8.
Qb3 Bxc3 9. Bxf7+ Kf8 10. bxc3 Na5 11. Qa4 Kxf7 12. Ng5+ Ke7 13. Qxa5 h6 14.
Nf3 c5 15. Qa4 Be6 16. e5 Nd5 17. Qe4 Nxc3 18. Qxb7+ Qd7 19. exd6+ Kxd6 20.
Bf4+ Ke7 21. Qb2 Qd3 22. Ne5 Ne2+ 23. Kh1 Qa6 24. Ng6+ Kf7 25. Nxh8+ Rxh8 26.
Be5 Rg8 27. Rfe1 Bc4 28. Qc2 Re8 29. Qf5+ Kg8 30. Red1 g6 31. Qf6 Qxf6 32. Bxf6
Nf4 33. Rd8 Rxd8 34. Bxd8 Bd5 35. f3 c4 36. Ba5 Kf7 37. Re1 Nd3 38. Re3 Nc1 39.
a3 Be6 40. Kg1 Ke7 41. Kf1 Kd6 42. Bc7+ Kd5 43. Re5+ Kc6 44. Rxe6+ Kxc7 45.
Rxg6 1-0

[Event "C.to Provinciale BG"]
[Site "Bergamo ITA"]
[Date "2003.11.07"]
[Round "5"]
[White "Riva, Carlo"]
[Black "Mansueti, Marco"]
[Result "1/2-1/2"]
[WhiteElo "1519"]
[BlackElo "1633"]
[PlyCount "101"]
[EventDate "2003.10.10"]

1. e4 c5 2. Nf3 Nc6 3. d4 cxd4 4. Nxd4 d6 5. Nxc6 bxc6 6. c4 Nf6 7. Bd3 g6 8.
Nd2 Bg7 9. Rb1 O-O 10. O-O Qa5 11. a4 Rb8 12. Nf3 c5 13. Bd2 Qc7 14. b4 cxb4
15. Bxb4 Nd7 16. Qd2 Ba6 17. Rfc1 Nc5 18. Bxc5 Qxc5 19. Qa2 Rb4 20. Rxb4 Qxb4
21. Rb1 Qc3 22. Qb3 Qxb3 23. Rxb3 Rc8 24. Nd2 Bd4 25. Kf1 e6 26. Ke2 f5 27.
exf5 gxf5 28. f4 h6 29. h3 Kf7 30. Kf3 Kf6 31. g4 Rc7 32. gxf5 exf5 33. Rb8
Bb7+ 34. Ke2 Re7+ 35. Kd1 Rf7 36. Nf1 Bg2 37. h4 Bxf1 38. Bxf1 Be3 39. Bd3 Bxf4
40. Rb5 Be5 41. c5 dxc5 42. Rxc5 Rd7 43. Rc6+ Rd6 44. Rxd6+ Bxd6 45. Ke2 Bg3
46. h5 Kg5 47. Kf3 Bd6 48. Bc2 Kxh5 49. Bxf5 Kg5 50. Bd7 h5 51. Kg2 1/2-1/2

[Event "C.to Provinciale BG"]
[Site "Bergamo ITA"]
[Date "2003.11.07"]
[Round "5"]
[White "Salvi, Gianpietro"]
[Black "Mazzotti, Federico"]
[Result "1/2-1/2"]
[WhiteElo "1600"]
[BlackElo "1635"]
[PlyCount "98"]
[EventDate "2003.10.10"]

1. e4 c5 2. Nf3 Nc6 3. c3 d5 4. exd5 Qxd5 5. d4 cxd4 6. cxd4 e6 7. Nc3 Bb4 8.
a3 Bxc3+ 9. bxc3 Nf6 10. c4 Qd8 11. Be2 O-O 12. O-O Qc7 13. h3 b6 14. Qc2 Bb7
15. Bg5 Ne7 16. Bxf6 gxf6 17. Nh2 Qf4 18. Bf3 Bxf3 19. Nxf3 Rac8 20. Rac1 Nf5
21. Rfe1 Nxd4 22. Nxd4 Qxd4 23. Re4 Qc5 24. Qd2 Kh8 25. Qc3 Qf5 26. Re3 Rg8 27.
Rf3 Qg5 28. g3 e5 29. Kh2 Rg6 30. h4 Qg4 31. Rd1 Rxc4 32. Qb3 Qe4 33. Rd8+ Kg7
34. Rc3 Rxc3 35. Qxc3 Qe2 36. Rd2 Qg4 37. Qc7 Qe6 38. Rd7 e4 39. Re7 Qd5 40.
Qxa7 f5 41. Qb8 Qd6 42. Qb7 Rf6 43. Rd7 Qxa3 44. Qd5 Qb2 45. Kg1 Qc1+ 46. Kg2
e3 47. Qd4 exf2 48. Kxf2 Qc5 49. Qxc5 bxc5 1/2-1/2

[Event "C.to Provinciale BG"]
[Site "Bergamo ITA"]
[Date "2003.11.07"]
[Round "5"]
[White "Stefanelli, Alfredo"]
[Black "Bassis, Ivano"]
[Result "1/2-1/2"]
[WhiteElo "1663"]
[BlackElo "1747"]
[PlyCount "66"]
[EventDate "2003.10.10"]

1. b3 e5 2. Bb2 Nc6 3. e3 Nf6 4. Bb5 d6 5. d4 exd4 6. Bxd4 Bd7 7. Bb2 g6 8. Nc3
Bg7 9. Rb1 O-O 10. Nge2 a6 11. Bd3 Ne5 12. h3 Be6 13. O-O Qe7 14. Nd4 Bd7 15.
Be2 c5 16. Nf3 Bc6 17. a4 Rad8 18. Qe1 Nxf3+ 19. Bxf3 Bxf3 20. gxf3 d5 21. Ne2
Qd7 22. Kh2 Qf5 23. f4 Qxc2 24. Ng3 Ne4 25. Bxg7 Kxg7 26. Nxe4 dxe4 27. Rc1
Qxb3 28. Rxc5 Rd3 29. Qa1+ Kg8 30. Rb1 Qa3 31. Qxa3 Rxa3 32. Rxb7 Rxa4 33. Ra7
Kg7 1/2-1/2

[Event "C.to Provinciale BG"]
[Site "Bergamo ITA"]
[Date "2003.11.07"]
[Round "5"]
[White "Villa, Claudio"]
[Black "Citerio, Fabio"]
[Result "1/2-1/2"]
[WhiteElo "1728"]
[BlackElo "1599"]
[PlyCount "88"]
[EventDate "2003.10.10"]

1. b3 e5 2. Bb2 Nc6 3. c4 Bc5 4. Nc3 Nf6 5. e3 d5 6. cxd5 Nxd5 7. a3 Be6 8. b4
Bd6 9. Bb5 O-O 10. Nge2 Nxc3 11. Bxc3 Ne7 12. O-O Ng6 13. Ng3 f5 14. Be2 Qg5
15. Rc1 Nh4 16. Bxe5 Bxe5 17. f4 Bxf4 18. Rxf4 Ng6 19. Rf2 c6 20. Qf1 Rad8 21.
Bc4 Bxc4 22. Rxc4 Rd5 23. Rc3 a5 24. Qc4 axb4 25. axb4 Kh8 26. Ra3 Ne5 27. Qf4
Qxf4 28. Rxf4 Nd3 29. Rxf5 Rdxf5 30. Nxf5 Nxb4 31. Nd6 Rb8 32. Nxb7 h6 33. Nc5
Rd8 34. Rb3 Nd5 35. e4 Nf4 36. d3 Kg8 37. g3 Ne2+ 38. Kf2 Nd4 39. Rb7 Rf8+ 40.
Kg2 g5 41. Rd7 Nc2 42. Rd6 Kh7 43. g4 Ne3+ 44. Kg3 Nf1+ 1/2-1/2

[Event "C.to Provinciale BG"]
[Site "Bergamo ITA"]
[Date "2003.11.14"]
[Round "6"]
[White "Bassis, Ivano"]
[Black "Longo, Pietro"]
[Result "1-0"]
[WhiteElo "1747"]
[BlackElo "1588"]
[PlyCount "133"]
[EventDate "2003.10.10"]

1. e4 c5 2. Nf3 d6 3. d3 g6 4. g3 Bg7 5. Bg2 Nf6 6. O-O O-O 7. Re1 Nc6 8. c3
Qc7 9. a4 Bg4 10. Nbd2 Ne5 11. Qe2 Rac8 12. h3 Bd7 13. Nf1 Nxf3+ 14. Qxf3 Bc6
15. Bf4 Nd7 16. Nh2 Ne5 17. Qe3 c4 18. Bxe5 Bxe5 19. dxc4 Bd7 20. b3 b6 21. Nf3
Bf6 22. Nd4 a6 23. Nc2 a5 24. Rad1 Rfd8 25. Rd3 Qc5 26. Red1 Qc7 27. Qd2 Qc5
28. Ne3 Be6 29. Nd5 Bxd5 30. Rxd5 Qc7 31. f4 e6 32. Rxd6 Qc5+ 33. Kh2 Rxd6 34.
Qxd6 Qxd6 35. Rxd6 Bxc3 36. Rxb6 Bb4 37. e5 Rd8 38. Rb5 Rc8 39. Rb7 Rd8 40. Rc7
Rd3 41. c5 Be1 42. c6 Bxg3+ 43. Kg1 Rd1+ 44. Bf1 Rc1 45. Rc8+ Kg7 46. Kg2 Bxf4
47. Bc4 Bxe5 48. c7 Kf6 49. Kf3 Rc3+ 50. Ke4 Rxh3 51. Bxe6 Bxc7 52. Bxh3 Bd6
53. Ra8 Bb4 54. Ra7 h5 55. Bf1 h4 56. Bc4 h3 57. Rxf7+ Kg5 58. Kf3 h2 59. Kg2
Bd6 60. Ra7 Bb4 61. Kxh2 Kg4 62. Rb7 Bd2 63. Kg2 g5 64. Rf7 Kh5 65. Bd3 g4 66.
Be2 Kg6 67. Rd7 1-0